| Registos Bibliográficos associados ao registo de autoridade |
|
Etiqueta de registo: 00254nam 2200025 450 001 2285172 003 http://id.bnportugal.gov.pt/bib/catbnp/2285172 010 ## $a978-989-9328-38-9 021 ## $aPT$b558354/25 100 ## $a20260424d2026 m y0pory01030103ba 101 1# $apor$cita 102 ## $aPT 105 ## $ay z 000yy 106 ## $ar 200 1# $a16 de Outubro de 1943 ;$a seguido de Oito judeus$fGiacomo Debenedetti$gtrad., posf. e notas João Tiago Proença 205 ## $a1ª ed 210 #9 $aSilveira$cE-Primatur,$d2026 215 ## $a128, [1] p.$d20 cm 225 2# $aVariações 304 ## $aTít. orig.: 16 Ottobre 1943 seguido de Otto ebrei 517 1# $aOito judeus 700 #1 $aDebenedetti,$bGiacomo,$f1901-1967$31996814 702 #1 $aProença,$bJoão Tiago,$f1970-$4730$31001411 801 #0 $aPT$bBN$gRPC 966 ## $lBN$mFGMON$x1 966 ## $lBN$mFGMON$x1 971 ## $cssilva$d20260424
|
|
|